| 000 | 00687nam a2200217 4500 | ||
|---|---|---|---|
| 003 | OSt | ||
| 005 | 20240625025112.0 | ||
| 006 | a | ||
| 008 | 240625b |||||||| |||| 00| 0 eng d | ||
| 020 | _a9710867350 | ||
| 040 |
_aDWCL-Main lib. _cOC |
||
| 082 |
_aFil. 361.1 Z94s 2006 _2Revised edition |
||
| 100 | _aLiwag, Dolores B. | ||
| 245 | _aSocial problems and issues in the Philippines / | ||
| 250 | _aRevised edition | ||
| 260 |
_aManadaluyong City : _bNational Book Store, _cc2006. |
||
| 300 |
_axiv, _b388 p. : ill. ; _c22 cm. |
||
| 504 | _aIncludes bibliographical references. | ||
| 650 | _a1. Social problems-Philippines. | ||
| 942 |
_2ddc _n0 _cBK - FIL _kFil. _eRevised edition |
||
| 999 |
_c1287 _d1287 |
||